[Event "RLP-ch MTB 26th"]
[Site "Ludwigshafen"]
[Date "2007.07.13"]
[Round "1"]
[White "Sievers, Andy"]
[Black "Bentz, Jonathan"]
[Result "1-0"]
[WhiteElo "1799"]
[BlackElo "1125"]
[PlyCount "57"]
[EventDate "2007.07.13"]
[EventType "swiss"]
[EventRounds "7"]
[EventCountry "GER"]
[SourceTitle "EXT 2009"]
[Source "ChessBase"]
[SourceDate "2008.11.26"]
[SourceVersion "1"]
[SourceVersionDate "2008.11.26"]
[SourceQuality "1"]

1. e4 c5 2. Nf3 Nc6 3. d4 cxd4 4. Nxd4 g6 5. Be3 Bg7 6. Nc3 d6 7. Qd2 Nf6 8. f3 0-0 9. 0-0-0 Re8 10. g4 Bd7 11. h4 Bc8 12. h5 a6 13. hxg6 fxg6 14. Bc4+ Kf8 15. Bh6 Ne5 16. Bb3 e6 17. Bxg7+ Kxg7 18. g5 Nh5 19. f4 Nf7 20. Rdg1 Rf8 21. Bxe6 Qe7 22. f5 Ne5 23. f6+ Nxf6 24. gxf6+ Rxf6 25. Bxc8 Nc4 26. Nf5+ Kf7 27. Qd5+ Qe6 28. Bxe6+ Rxe6 29. Qxc4 1-0